Antología de la poesía española e hispanoamericana / (Record no. 24678)

MARC details
000 -LEADER
campo de control de longitud fija 01258nam a2200313 i 4500
001 - NÚMERO DE CONTROL
campo de control 24678
003 - IDENTIFICADOR DE NÚMERO DE CONTROL
campo de control ES-MaACL
005 - FECHA Y HORA DE LA ÚLTIMA TRANSACCIÓN
campo de control 20250725232350.0
007 - CAMPO FIJO DE DESCRIPCIÓN FÍSICA--INFORMACIÓN GENERAL
campo de control de longitud fija t|
008 - DATOS DE LONGITUD FIJA--INFORMACIÓN GENERAL
campo de control de longitud fija 021218s1986 sp |||| | spa d
020 ## - NÚMERO INTERNACIONAL ESTÁNDAR DEL LIBRO
Número Internacional Estándar del Libro 8476580002
245 00 - MENCIÓN DEL TÍTULO
Título Antología de la poesía española e hispanoamericana /
Mención de responsabilidad, etc. selección de textos de José María Valverde y Dámaso Santos ; notas bibliográficas por Julio Segarra.
250 ## - MENCION DE EDICION
Mención de edición 1ª ed.
260 ## - PUBLICACIÓN, DISTRIBUCIÓN, ETC.
Lugar de publicación, distribución, etc. Barcelona :
Nombre del editor, distribuidor, etc. Anthropos,
Fecha de publicación, distribución, etc. 1986-
300 ## - DESCRIPCIÓN FÍSICA
Extensión 2 v. ;
Dimensiones 20 cm.
490 1# - MENCIÓN DE SERIE
Mención de serie Ámbitos literarios. Poesía ;
Designación de volumen o secuencia 85
500 ## - NOTA GENERAL
Nota general Indice.
504 ## - NOTA DE BIBLIOGRAFÍA, ETC.
Nota de bibliografía, etc. Bibliografía.
505 8# - NOTA DE CONTENIDO CON FORMATO
Nota de contenido con formato Contiene: 1ª parte: Desde los orígenes hasta la guerra civil / prólogo y selección de textos de José Mª Valverde. -- V. I: Desde los orígenes hasta el Modernismo. -- V. II: Desde el Modernismo hasta la guerra civil
650 #7 - PUNTO DE ACCESO ADICIONAL DE MATERIA--TÉRMINO DE MATERIA
Término de materia o nombre geográfico como elemento de entrada Poesías españolas
Fuente del encabezamiento o término embne
9 (RLIN) 16214
650 #4 - PUNTO DE ACCESO ADICIONAL DE MATERIA--TÉRMINO DE MATERIA
Término de materia o nombre geográfico como elemento de entrada Poesías hispanoamericanas.
9 (RLIN) 148477
700 1# - ENTRADA AGREGADA--NOMBRE PERSONAL
Nombre de persona Valverde, José María,
Fechas asociadas al nombre 1926-1996
9 (RLIN) 113013
700 1# - ENTRADA AGREGADA--NOMBRE PERSONAL
Nombre de persona Santos, Dámaso,
Fechas asociadas al nombre 1918-2000
9 (RLIN) 103466
700 1# - ENTRADA AGREGADA--NOMBRE PERSONAL
Nombre de persona Segarra, Julio.
9 (RLIN) 105123
830 0# - PUNTO DE ACCESO ADICIONAL DE SERIE-TÍTULO UNIFORME
Título uniforme Ámbitos literarios.
Nombre de parte o sección de la obra Poesía ;
Designación de volumen o secuencia 85
9 (RLIN) 177287
852 ## - LOCALIZACIÓN
Ubicación ES-MaACL
Número de control de estantería P-635
942 ## - ELEMENTOS DE ENTRADA SECUNDARIOS (KOHA)
Fuente del sistema de clasificación o colocación Clasificación decimal universal
Holdings
Estatus retirado Estado de pérdida Estado de daño No para préstamo Biblioteca de origen Biblioteca actual Ubicación en estantería Fecha de adquisición Fuente de adquisición Total de préstamos Signatura topográfica completa Código de barras Visto por última vez Precio de reemplazo Tipo de ítem Koha
        Biblioteca del Ateneo de Madrid Biblioteca del Ateneo de Madrid Depósito 2 17/01/2008     P-635 1025444 23/02/2023 23/02/2023 Libro impreso